Name the Year - England/UK History #1 - Statistics

General Stats
  • This quiz has been taken 41 times
  • The average score is 8 of 14
Answer Stats
Hint Answer % Correct
Withdrawal from the E.U. 2020
93%
The Great London FIre 1666
89%
Hong Kong handed back to China 1997
82%
First V-E Day 1945
79%
Guy Fawkes and the Gunpowder Plot 1605
75%
Battle of Waterloo (End of Napoleonic Wars) 1815
75%
First British Colony to Gain its Independence (USA) 1776
61%
Beginning of the United Kingdom/Acts of Union 1707
54%
Founding of Plymouth Colony 1620
43%
First Claims of Australia 1770
36%
Slavery Abolished 1807
25%
Direct British Rule over the Indian Subcontinent 1858
25%
Creation of Jamestown Colony in America 1607
21%
Height of British Empire 1922
21%
No matching quizzes found
Score Distribution
Percent of People with Each Score
Percentile by Number Answered
Your Score History
You have not taken this quiz